[Event "RSA-chT U20"]
[Site "Boksburg"]
[Date "2018.01.07"]
[Round "6.6"]
[White "Badenhorst, Mandie"]
[Black "Mkhize, Justice"]
[Result "0-1"]
[WhiteElo "1013"]
[BlackElo "1214"]
[PlyCount "116"]
[EventDate "2018.01.04"]
[EventType "team-tourn"]
[EventRounds "7"]
[EventCountry "RSA"]
[SourceTitle "CBM 182 Extra"]
[Source "ChessBase"]
[SourceDate "2018.02.23"]
[SourceVersion "1"]
[SourceVersionDate "2018.02.23"]
[SourceQuality "1"]
[WhiteTeam "Kenneth Kaunda U20"]
[BlackTeam "Ethekwini U20"]
[WhiteTeamCountry "RSA"]
[BlackTeamCountry "RSA"]

1. d4 d5 2. Nf3 Bf5 3. Bg5 Nd7 4. e3 Ngf6 5. Bd3 Bxd3 6. Qxd3 e6 7. Ne5 Be7 8. Nd2 0-0 9. Nxd7 Qxd7 10. 0-0 h6 11. Bh4 Rac8 12. c4 c5 13. Rac1 dxc4 14. Rxc4 cxd4 15. Qxd4 Qxd4 16. Rxd4 Rfd8 17. Rxd8+ Bxd8 18. Nb3 Rc2 19. Rb1 g5 20. Bg3 Ne4 21. h3 Nxg3 22. fxg3 Bf6 23. Nd4 Bxd4 24. exd4 Rd2 25. Rc1 Rxd4 26. Rc7 Rb4 27. b3 a5 28. Rc4 Rxc4 29. bxc4 Kg7 30. Kf2 Kf6 31. Ke3 Ke5 32. g4 f6 33. g3 a4 34. h4 a3 35. h5 b6 36. Kd3 f5 37. gxf5 exf5 38. Ke3 g4 39. Kf2 Ke4 40. Ke2 f4 41. gxf4 Kxf4 42. Kf2 g3+ 43. Kg2 Kg4 44. Kg1 Kxh5 45. Kg2 Kg4 46. Kg1 h5 47. Kg2 h4 48. Kg1 h3 49. Kh1 Kf3 50. Kg1 g2 51. c5 bxc5 52. Kh2 c4 53. Kg1 c3 54. Kh2 Kf2 55. Kxh3 g1Q 56. Kh4 c2 57. Kh5 c1Q 58. Kh4 Qh6# 0-1